| 000 | 00587nam a22001817i 4500 | ||
|---|---|---|---|
| 003 | DO-SdBNP | ||
| 005 | 20231207125153.0 | ||
| 006 | a||||gr|||| 00| 0 | ||
| 007 | ta | ||
| 008 | 231207e1974 dr a|||| |||| 00| 0 spa d | ||
| 040 |
_aDO-SdBNP _bspa _cBNPHU _erda |
||
| 082 | 4 |
_222 _bF962m |
|
| 245 | 1 | 3 |
_aLa matemática en la vida: _b3er. grado. / _cAndrés Arístides Fulcar Berigüete, Luis Humberto Monsanto Pérez. |
| 246 |
_aLa matemática en la vida: _btercer. grado |
||
| 264 |
_aSanto Domingo : _bDisesa, |
||
| 700 |
_aMonsanto Pérez, Luis Humberto, _982019 _eautor |
||
| 942 |
_2ddc _cLBS1 |
||
| 999 |
_c55631 _d55631 |
||